|
|
|
|
| LEADER |
00000cam a2200000 a 4500 |
| 001 |
vtls001465443 |
| 003 |
SK-MaSNL |
| 005 |
20260425222456.0 |
| 008 |
240226s2003 xo frn 000 0 slo |
| 015 |
|
|
|a SNBA2004/06-03640
|
| 020 |
|
|
|a 8096903268
|q (brožované)
|
| 035 |
|
|
|a SNK000420748
|
| 035 |
|
|
|a urn:nbn:sk:snk-am3j1ww
|
| 035 |
|
|
|a 81A384C9-5CCC-44F4-94C0-4ACF58AE73D7
|
| 035 |
|
|
|a urn:nbn:sk:snk-am00gfjt
|
| 040 |
|
|
|a SNK
|b slo
|c SNK
|e AACR2
|
| 041 |
0 |
|
|a slo
|
| 043 |
|
|
|a e-xo---
|
| 044 |
|
|
|a xo
|c SK
|
| 072 |
|
7 |
|a 316.4
|x Sociálne procesy
|2 konspekt
|
| 072 |
|
7 |
|a 323
|x Vnútropolitický vývoj, politický život
|2 konspekt
|
| 080 |
|
|
|a 323
|2 2011
|
| 080 |
|
|
|a 316.72/.75
|2 2011
|
| 080 |
|
|
|a 316.422
|2 2011
|
| 080 |
|
|
|a 316.423
|2 2011
|
| 080 |
|
|
|a 330.342.14
|2 2011
|
| 080 |
|
|
|a 061.2
|2 2011
|
| 080 |
|
|
|a 33
|2 2011
|
| 080 |
|
|
|a 574
|2 2011
|
| 080 |
|
|
|a 35
|2 2011
|
| 080 |
|
|
|a 328.185
|2 2011
|
| 080 |
|
|
|a (437.6)
|2 2011
|
| 080 |
|
|
|a (0:82-4)
|2 2011
|
| 080 |
|
|
|a (082)
|2 2011
|
| 100 |
1 |
|
|a Adámik, Stanislav
|4 aut
|9 302383
|
| 245 |
1 |
0 |
|a Páračky
|c Stanislav Adámik
|
| 250 |
|
|
|a 1. vyd.
|
| 260 |
|
|
|a Prievidza
|b Patria I.
|c 2003
|
| 300 |
|
|
|a 192 strán
|c 21 cm
|
| 504 |
|
|
|a Bibliografia na strane 184
|
| 610 |
2 |
7 |
|a Rada Európy
|2 SNKKA
|9 16012
|
| 650 |
0 |
7 |
|a globalizácia
|2 SNKPH
|9 3615
|
| 650 |
0 |
7 |
|a globálne problémy
|2 SNKPH
|9 3927
|
| 650 |
0 |
7 |
|a kultúra a spoločnosť
|2 SNKPH
|9 4083
|
| 650 |
0 |
7 |
|a spoločenské pomery
|2 SNKPH
|9 3880
|
| 650 |
0 |
7 |
|a kapitalizmus
|2 SNKPH
|9 4060
|
| 650 |
0 |
7 |
|a mimovládne organizácie
|2 SNKPH
|9 194400
|
| 650 |
0 |
7 |
|a ekonomika
|2 SNKPH
|9 789
|
| 650 |
0 |
7 |
|a vnútorná politika
|2 SNKPH
|9 970
|
| 650 |
0 |
7 |
|a korupcia
|2 SNKPH
|9 1699
|
| 650 |
0 |
7 |
|a verejná správa
|2 SNKPH
|9 1538
|
| 650 |
0 |
7 |
|a ekológia
|2 SNKPH
|9 785
|
| 650 |
0 |
7 |
|a transformácia
|2 SNKPH
|9 17892
|
| 651 |
|
7 |
|a Slovensko
|2 SNKPHgeo
|9 14231
|
| 655 |
|
7 |
|a úvahy
|2 SNKPH
|9 29403
|
| 655 |
|
7 |
|a zborníky
|2 SNKPH
|9 70165
|
| 919 |
|
|
|a 80-969032-6-8
|
| 958 |
|
|
|a TL
|
| 958 |
|
|
|a NB
|
| 958 |
|
|
|a SP
|
| 958 |
|
|
|a ZB
|
| 958 |
|
|
|a OND
|
| 999 |
|
|
|c 558354
|d 560284
|
| 952 |
|
|
|t P60, <03>, [BOOK], {603}
|a SNK
|b SNK
|y PREZ
|7 0
|p 17A0408067
|o snkSC 114089
|i snkKSP 16052/2003
|0 0
|1 0
|4 0
|d 2003-12-17
|f 1
|l 0
|r 2025-10-03 00:00:00
|w 2026-02-23
|
| 952 |
|
|
|t P60, <04>, [BOOK], {604}
|a SNK
|b SNK
|y VYP
|7 0
|p 17A0408068
|o snkSC 114089 D1
|i snkKSP 16053/2003
|0 0
|1 0
|4 0
|d 2003-12-17
|l 0
|r 2005-01-02 00:00:00
|w 2026-02-23
|